000 00593nam a2200217Ia 4500
005 20241129115704.0
008 241129s9999||||xx |||||||||||||| ||und||
020 _a9789391928032
037 _aTB
040 _aSDCL
_beng
_cSDCL
041 _aeng
_2eng
084 _aDelta R3
_qSDCL
100 _aNag Sajal Ed.
_9400978
245 0 _aBlack magic, witchcraft and occultism : Secret cultural practices in India
260 _aNew Delhi
_bManohar
_c2023
300 _a589p.
365 _aINR
_b2895
650 _aHistory
942 _cTB
_hDelta R3
999 _c1231570
_d1231570